| 000 | 00613nam a22001817a 4500 | ||
|---|---|---|---|
| 005 | 20231124073013.0 | ||
| 008 | 231124b |||||||| |||| 00| 0 eng d | ||
| 020 | _a9780409058413 | ||
| 041 | _aEnglish | ||
| 082 | _a340.9 THO | ||
| 100 |
_aThomas, P ; Van der Merwe, CG and Stoop, BC _lEnglish |
||
| 245 |
_aHistorical Foundations of South African Private Law / _cP Thomas, CG Van der Merwe and BC Stoop |
||
| 250 | _aSecond Edition | ||
| 260 |
_aDurban : _bLexisNexis, _c2000 |
||
| 300 |
_bxxiii, 402 pages ; _c25 cm. |
||
| 650 |
_aLegal practice _bLaw |
||
| 942 |
_cBK _6ALISON_BN_VRIES |
||
| 999 |
_c929 _d929 |
||